000
00316nam a22001337a 4500
008
170320b xxu||||| |||| 00| 0 eng d
020
_a
9780803604278
041
_a
eng
080
_2
4TH
_a
616.8
100
_a
7
101
_a
SHM
245
_a
THE MENTAL STATUS EXAMINATION IN NEUROLOGY
_c
STRUB, R.L
942
_2
udc
_c
BK
999
_c
8151
_d
8151